| 000 | 00894nam a2200217 a 4500 | ||
|---|---|---|---|
| 001 | 000030836 | ||
| 005 | 20240409122244.0 | ||
| 008 | 090702s1945 dr 000 0 spa d | ||
| 040 |
_aDO-SdBNP _bspa _cBNPHU |
||
| 082 |
_a972.9303 _bR696r, 1945 |
||
| 100 | 1 |
_aRodríguez Demorizi, Emilio, _d1908-1986 _91039 |
|
| 245 | 1 | 0 |
_aRelaciones históricas de Santo Domingo / _ccolección y notas Emilio Rodríguez Demorizi. |
| 260 |
_aCiudad Trujillo, República Dominicana : _bArchivo General de la Nación, _c1945 _fMontalvo |
||
| 300 |
_av. ; _c23 cm. |
||
| 490 | 0 |
_aArchivo General de la Nación _v4 |
|
| 500 | _aIncluye índice de personas, geográfico y materias | ||
| 500 | _aIncluye referencias bibliográficas y notas al pie de las páginas | ||
| 651 | 0 |
_aRepública Dominicana -- _xHistoria -- _yColonia, 1503-1844 _911397 |
|
| 830 | 0 |
_aArchivo General de la Nación _n4 _957380 |
|
| 049 | _aBNPD | ||
| 999 |
_c30328 _d30328 |
||